00550nam a22000857a 4500040000800000082002900008245038300037260002600420300001800446 cRUA aLMA MAN 2023 B1-398 Or.1 aសិក្សាអំពីសុវត្ថិភាពនៃការកាន់កាប់ដីធ្លីរបស់ប្រជាពលរដ្ឋនៅឃុំធម្មតាអរ ស្រុកសំរោងទង ខេត្តកំពង់ស្ពឺ STUDY ON LAND TENURE SECURITY IN THORMDA OR COMMUNE, SAMRONG TONG DISTRICT KAMPONG SPUE PROVINCE aRUAbPHNOM PENHc2023 axibillc29cm